| 000 | 00408nam a22001697a 4500 | ||
|---|---|---|---|
| 005 | 20160517154400.0 | ||
| 008 | 160517b xxu||||| |||| 00| 0 eng d | ||
| 020 | _a81-203-1812-9 | ||
| 041 | _aeng | ||
| 082 | _b2567 | ||
| 100 |
_aSrinivas R. Kandula _9634 |
||
| 245 | _aStrategic Human Resource development | ||
| 260 |
_aNew Delhi _bPHI, _c2004 |
||
| 300 | _a376 | ||
| 650 |
_aManagement _9241 |
||
| 942 | _cBK | ||
| 999 |
_c945 _d945 |
||